Datum a čas kvízu

32 Celkem bodů Celkový počet nahraných bodů na tomto kvízu bez doplňovacích otázek.
9. Pořadí na kvízu Konečné umístění týmu na tomto kvízu.

Zaznamenané odpovědi

# Otázka Odpověď Body Výsledky
1. Sociální sítě zaplavily vtípky... Emma Smetana 1
2. Parlament jednoho evropského s... o Řecku 0
3. Na konci dubna začne režisér D... Martha Issová 1
4. Známé francouzské herní studio... Ubisoft 0
5. Jaromír Jágr vrátil čtyřmi gól... České Budějovice 1
6. V pondělí v podvečer zachvátil... svatý Ludvík (Louis) 0
7. Jeruzalémský Chrám, dle Bible... Šalamoun (též Šalomoun) 1
8. Tato budova dnes slouží jako p... v Japonsku 0
9. Stavba Národního divadla v Pra... František Josef I. 1
10. Více než padesát metrů a skoro... v Afghánistánu 0